| 000 | 00507nam a22001697a 4500 | ||
|---|---|---|---|
| 008 | 160317b xxu||||| |||| 00| 0 eng d | ||
| 020 | _a0825673696 | ||
| 100 | _aBrabec, Jeffrey | ||
| 245 |
_aMusic Money and Success _bThe insider's guide to making money in the music business _cBy Jeffrey Brabec |
||
| 250 | _a7th ed. | ||
| 260 |
_aUSA _bSchirmer Trade Books _c2011 |
||
| 300 | _axxxvi, 559p. | ||
| 650 | _aMusic Trade | ||
| 650 | _aMusic economic aspects | ||
| 700 | _aTodd Brabec | ||
| 942 |
_2lcc _cBK |
||
| 999 |
_c15802 _d15802 |
||